[Event "SC Falke Saerbeck 1 - Schach Nienberge "]
[Site "Verbandsliga 2019/2020"]
[Date "2020.02.01"]
[Round "6.1"]
[White "Melkert, Tim"]
[Black "Vos, Thomas"]
[Result "1-0"]
[WhiteElo "1945"]
[BlackElo "2084"]
[PlyCount "70"]
[EventDate "2020.??.??"]
[SourceDate "2019.09.14"]

1. e4 Nc6 2. Nf3 d6 3. d4 Nf6 4. d5 Nb8 5. Nc3 c6 6. Bg5 Qb6 7. Qd2 Bg4 8. Be2
Nbd7 9. O-O Bxf3 10. Bxf3 h6 11. Bxf6 gxf6 12. a4 Ne5 13. Bh5 a5 14. Ne2 Qc5
15. Nd4 Rg8 16. Ne6 Qb6 17. Rfb1 c5 18. c3 Kd7 19. Nxf8+ Raxf8 20. b4 axb4 21.
cxb4 c4 22. b5 Rc8 23. a5 c3 24. Qc2 Qd4 25. b6 f5 26. a6 Qxe4 27. Qxe4 fxe4
28. axb7 Rb8 29. Ra7 Nf3+ 30. Kh1 Ne5 31. Rc1 Rg5 32. Rxc3 Rxh5 33. Rc7+ Kd8
34. Ra8 Nd7 35. Rc8+ Rxc8 1-0

[Event "SC Falke Saerbeck 1 - Schach Nienberge "]
[Site "Verbandsliga 2019/2020"]
[Date "2020.02.01"]
[Round "6.2"]
[White "Hegemann, Eike"]
[Black "Da Costa Campos, Andre"]
[Result "1-0"]
[WhiteElo "1962"]
[BlackElo "1895"]
[PlyCount "115"]
[EventDate "2020.??.??"]
[SourceDate "2019.09.14"]

1. e4 e5 2. Nf3 Nc6 3. Bb5 a6 4. Ba4 Nf6 5. d3 Bc5 6. O-O d6 7. Be3 Bb6 8. c3
Bd7 9. Nbd2 Ne7 10. Bxb6 cxb6 11. Bxd7+ Qxd7 12. Nc4 Qc7 13. a4 Rc8 14. Qb3
Nxe4 15. dxe4 Qxc4 16. Qxc4 Rxc4 17. Rfd1 Rc6 18. Rd3 Ng6 19. Rad1 Ke7 20. g3
Rd8 21. h4 h5 22. Ne1 Rc4 23. b3 Rxe4 24. Kf1 Rg4 25. Nc2 e4 26. Rd5 Ne5 27.
Ne3 Rg6 28. R1d4 Re6 29. Rxe4 g6 30. Rb4 Rc8 31. Rxb6 Rc7 32. Rd4 Rd7 33. Nd5+
Kd8 34. Nf4 Rf6 35. Kg2 Nc6 36. Nd5 Rf5 37. Rd1 Ne7 38. Ne3 Rf6 39. c4 Re6 40.
b4 Nc8 41. Nd5 Nxb6 42. Nxb6 Rc7 43. c5 Rc6 44. Nc4 Re4 45. b5 axb5 46. axb5
Rxc4 47. bxc6 bxc6 48. Rxd6+ Kc7 49. Rf6 Rxc5 50. Rxf7+ Kb6 51. Rg7 Rf5 52.
Rxg6 Kc7 53. Rg5 Rxg5 54. hxg5 Kd6 55. f4 Ke6 56. Kf3 Kf5 57. Ke3 c5 58. Kd3
1-0

[Event "SC Falke Saerbeck 1 - Schach Nienberge "]
[Site "Verbandsliga 2019/2020"]
[Date "2020.02.01"]
[Round "6.4"]
[White "Fischer, Andreas"]
[Black "Wetterau, Georg"]
[Result "1-0"]
[WhiteElo "1889"]
[BlackElo "1818"]
[PlyCount "61"]
[EventDate "2020.??.??"]
[SourceDate "2019.09.14"]

1. e4 e5 2. Nf3 Nc6 3. Nc3 Nf6 4. Bb5 Nd4 5. Ba4 Nxf3+ 6. Qxf3 Be7 7. Qg3 O-O
8. Qxe5 d6 9. Qd4 a6 10. d3 Be6 11. Bb3 Ng4 12. f3 Bf6 13. Qg1 Bxc3+ 14. bxc3
Qh4+ 15. g3 Qf6 16. Ke2 Bxb3 17. axb3 Ne5 18. Qe3 Qe6 19. g4 d5 20. Bb2 dxe4
21. dxe4 b5 22. Kf2 f6 23. h3 g5 24. h4 h6 25. h5 Rfd8 26. Rad1 c5 27. Qxc5
Nxg4+ 28. fxg4 Qxe4 29. Qf5 Qxf5+ 30. gxf5 Kf7 31. Rhe1 1-0

[Event "SC Falke Saerbeck 1 - Schach Nienberge "]
[Site "Verbandsliga 2019/2020"]
[Date "2020.02.01"]
[Round "6.5"]
[White "Schipke, Thorsten"]
[Black "Fayazi, Shahriar"]
[Result "0-1"]
[WhiteElo "1838"]
[BlackElo "1889"]
[PlyCount "62"]
[EventDate "2020.??.??"]
[SourceDate "2019.09.14"]

1. e4 d6 2. Nc3 c5 3. Bb5+ Bd7 4. Bxd7+ Qxd7 5. f4 Nc6 6. d3 g6 7. Nf3 Bg7 8.
O-O e6 9. Bd2 Nge7 10. Qe1 Nd4 11. Rc1 O-O 12. Nd1 b5 13. c3 Nxf3+ 14. Rxf3 Nc6
15. Rh3 f5 16. Qh4 Bf6 17. Qg3 Rab8 18. Qe1 a5 19. Be3 b4 20. e5 dxe5 21. Bxc5
Rfe8 22. fxe5 Nxe5 23. d4 Nf7 24. Re3 Bg5 25. Rc2 Bxe3+ 26. Qxe3 e5 27. Qg3
bxc3 28. Nxc3 exd4 29. Nd1 Qe6 30. Kf1 Rbc8 31. a3 Rxc5 0-1

[Event "SC Falke Saerbeck 1 - Schach Nienberge "]
[Site "Verbandsliga 2019/2020"]
[Date "2020.02.01"]
[Round "6.6"]
[White "Bartsch, Jan"]
[Black "Schulte Austum, Frank"]
[Result "0-1"]
[WhiteElo "1788"]
[BlackElo "1734"]
[PlyCount "70"]
[EventDate "2020.??.??"]
[SourceDate "2019.09.14"]

1. b3 d5 2. Bb2 c5 3. e3 Nc6 4. Bb5 Qb6 5. Qe2 Nf6 6. h3 Bd7 7. Nf3 a6 8. Bxc6
Bxc6 9. d3 e6 10. Ne5 Be7 11. Nd2 O-O 12. O-O Qd8 13. Nxc6 bxc6 14. c4 a5 15.
a4 Nd7 16. Rac1 e5 17. f4 Bd6 18. cxd5 exf4 19. dxc6 fxe3 20. Ne4 Ne5 21. Bxe5
Bxe5 22. Nxc5 Qh4 23. Rf3 Rfe8 24. Rc4 Bd4 25. Ne4 Qd8 26. Kh1 Rc8 27. Rf5 Qb6
28. Qg4 Rxc6 29. Rxc6 Qxc6 30. Qf3 Qc1+ 31. Kh2 Be5+ 32. Rxe5 Rxe5 33. Ng5 Qc8
34. Qxf7+ Kh8 35. Qh5 Qf5 0-1

[Event "SC Falke Saerbeck 1 - Schach Nienberge "]
[Site "Verbandsliga 2019/2020"]
[Date "2020.02.01"]
[Round "6.7"]
[White "Weist, Thorsten"]
[Black "Hoge, Reinhard"]
[Result "1-0"]
[WhiteElo "1734"]
[BlackElo "1878"]
[PlyCount "63"]
[EventDate "2020.??.??"]
[SourceDate "2019.09.14"]

1. d4 Nf6 2. Nf3 g6 3. c4 Bg7 4. Nc3 c5 5. d5 O-O 6. e4 d6 7. Be2 e6 8. O-O
exd5 9. cxd5 a6 10. a4 Bg4 11. Nd2 Bxe2 12. Qxe2 Nbd7 13. Nc4 Qe7 14. Bf4 Ne8
15. Rfe1 Ne5 16. Nxe5 Bxe5 17. Bxe5 Qxe5 18. Qd2 Nf6 19. f4 Qd4+ 20. Qxd4 cxd4
21. Nd1 Rac8 22. Nf2 Rc2 23. b4 Rfc8 24. h3 R8c3 25. Rad1 Re3 26. Kf1 Nh5 27.
Ng4 Rxe1+ 28. Kxe1 Rc4 29. e5 Kf8 30. exd6 Ke8 31. Ne5 Rxb4 32. Rc1 1-0

[Event "SC Falke Saerbeck 1 - Schach Nienberge "]
[Site "Verbandsliga 2019/2020"]
[Date "2020.02.01"]
[Round "6.8"]
[White "Waltermann, Jens"]
[Black "Hagemann, Lars"]
[Result "1/2-1/2"]
[WhiteElo "1793"]
[BlackElo "1724"]
[PlyCount "57"]
[EventDate "2020.??.??"]
[SourceDate "2019.09.14"]

1. Nf3 Nf6 2. g3 d5 3. Bg2 e6 4. d4 c5 5. c3 Be7 6. O-O O-O 7. Ne5 Nc6 8. f4
Qc7 9. e3 b6 10. Nd2 Bb7 11. h4 Rad8 12. Bh3 g6 13. g4 Ne4 14. g5 Ng3 15. Rf3
Nf5 16. h5 Nxe5 17. dxe5 d4 18. e4 dxc3 19. Rxc3 Bxe4 20. Qe2 Bb7 21. Bxf5 exf5
22. Nf1 Qc6 23. hxg6 Qh1+ 24. Kf2 hxg6 25. Be3 Qh4+ 26. Kg1 Qh1+ 27. Kf2 Qh4+
28. Kg1 Qh1+ 29. Kf2 1/2-1/2

[Event "SC Rochade Emsdetten 2 - SK Königssprin"]
[Site "Verbandsliga 2019/2020"]
[Date "2020.02.01"]
[Round "6.1"]
[White "Lerke, Bernd"]
[Black "Delere, Adrian"]
[Result "0-1"]
[WhiteElo "1884"]
[BlackElo "1799"]
[PlyCount "64"]
[EventDate "2020.??.??"]
[SourceDate "2019.09.14"]

1. d4 f5 2. g4 d5 3. g5 e6 4. Nf3 Bd6 5. Nc3 Bd7 6. a4 a6 7. h4 c5 8. dxc5 Bxc5
9. Be3 Bxe3 10. fxe3 Nc6 11. Qd2 Nge7 12. Bg2 Qb6 13. Ra3 O-O-O 14. Nd4 Na5 15.
b3 Nac6 16. Nd1 h6 17. Qc3 hxg5 18. hxg5 Rxh1+ 19. Bxh1 Qb4 20. Ra1 Rh8 21. Bf3
Qxc3+ 22. Nxc3 Ne5 23. Kf2 Ng4+ 24. Kg3 Nxe3 25. Nd1 Nxd1 26. Rxd1 e5 27. e3
exd4 28. Rxd4 Be6 29. a5 f4+ 30. Kxf4 Rh4+ 31. Ke5 Nc6+ 32. Kxe6 Rxd4 0-1

[Event "SC Rochade Emsdetten 2 - SK Königssprin"]
[Site "Verbandsliga 2019/2020"]
[Date "2020.02.01"]
[Round "6.2"]
[White "Luecke, Thomas"]
[Black "Sandmann, Matthias"]
[Result "1-0"]
[WhiteElo "1833"]
[BlackElo "1770"]
[PlyCount "69"]
[EventDate "2020.??.??"]
[SourceDate "2019.09.14"]

1. d4 Nf6 2. Nf3 e6 3. Bf4 c5 4. e3 Nc6 5. c3 Be7 6. h3 a6 7. Nbd2 b5 8. a3 Qb6
9. Be2 Bb7 10. O-O O-O 11. Ne1 a5 12. dxc5 Qxc5 13. Nb3 Qb6 14. Bd6 b4 15. cxb4
axb4 16. Bxe7 Nxe7 17. Bf3 bxa3 18. Bxb7 Qxb7 19. bxa3 Ra7 20. a4 Rfa8 21. Nd3
Qc6 22. a5 d5 23. Ndc5 Nd7 24. Rc1 Nf5 25. Nxd7 Qxd7 26. Nc5 Qb5 27. Nb3 Rb7
28. Rc3 Nd6 29. Qc2 h6 30. Rb1 Qa4 31. Ra1 Qb4 32. Rb1 Rxa5 33. Nd2 Qh4 34.
Rxb7 Ra1+ 35. Rb1 1-0

[Event "SC Rochade Emsdetten 2 - SK Königssprin"]
[Site "Verbandsliga 2019/2020"]
[Date "2020.02.01"]
[Round "6.3"]
[White "Kasubke, Manfred"]
[Black "Noering, Andreas"]
[Result "1-0"]
[WhiteElo "1834"]
[BlackElo "1791"]
[PlyCount "41"]
[EventDate "2020.??.??"]
[SourceDate "2019.09.14"]

1. e4 e5 2. Nf3 Nf6 3. Nxe5 d6 4. Nf3 Nxe4 5. d4 d5 6. Bd3 Bd6 7. O-O Bg4 8.
Re1 f5 9. c4 O-O 10. cxd5 Bxh2+ 11. Kf1 Qxd5 12. Qe2 Qd7 13. Nc3 Nxc3 14. bxc3
Nc6 15. Bb5 Kh8 16. Qd3 a6 17. Bxc6 bxc6 18. Nxh2 Bh5 19. Bf4 Bf7 20. Kg1 Bc4
21. Qg3 1-0

[Event "SC Rochade Emsdetten 2 - SK Königssprin"]
[Site "Verbandsliga 2019/2020"]
[Date "2020.02.01"]
[Round "6.4"]
[White "Colmer, Willi"]
[Black "Hols, Bernhard"]
[Result "1/2-1/2"]
[WhiteElo "1781"]
[BlackElo "1774"]
[PlyCount "81"]
[EventDate "2020.??.??"]
[SourceDate "2019.09.14"]

1. d4 d5 2. c4 e6 3. Nc3 c6 4. cxd5 exd5 5. Nf3 Nf6 6. Bg5 h6 7. Bh4 Be7 8. Qc2
a5 9. e3 Na6 10. a3 O-O 11. Bd3 b5 12. O-O Ra7 13. Ne5 Rc7 14. Rac1 b4 15. Nb1
c5 16. Bb5 Bb7 17. Qa4 Ne4 18. Bxe7 Qxe7 19. Qxa5 bxa3 20. Qxa3 Ra8 21. Bxa6
Rxa6 22. Qb3 f6 23. Ng6 Qe8 24. Nf4 c4 25. Qc2 g5 26. Ne2 Re6 27. Nbc3 Nd6 28.
Na4 f5 29. Nc5 Rf6 30. Nc3 Ne4 31. Nxb7 Nxc3 32. bxc3 Rxb7 33. Rb1 Rbf7 34. Qb2
Qe6 35. Qb8+ Kg7 36. Rb7 f4 37. Rxf7+ Rxf7 38. exf4 Rxf4 39. Qc7+ Rf7 40. Qg3
Re7 41. h4 1/2-1/2

[Event "SC Rochade Emsdetten 2 - SK Königssprin"]
[Site "Verbandsliga 2019/2020"]
[Date "2020.02.01"]
[Round "6.5"]
[White "Schmidt, Ralf"]
[Black "Hemmers, Dieter"]
[Result "1/2-1/2"]
[WhiteElo "1591"]
[BlackElo "1773"]
[PlyCount "30"]
[EventDate "2020.??.??"]
[SourceDate "2019.09.14"]

1. e4 c5 2. Nc3 Nc6 3. f4 e6 4. Nf3 g6 5. Bb5 Nge7 6. e5 Nf5 7. Bxc6 dxc6 8.
O-O Be7 9. Ne4 O-O 10. d3 Nd4 11. Be3 b6 12. c3 Nf5 13. Bf2 f6 14. exf6 Bxf6
15. Nxf6+ Qxf6 1/2-1/2

[Event "SC Rochade Emsdetten 2 - SK Königssprin"]
[Site "Verbandsliga 2019/2020"]
[Date "2020.02.01"]
[Round "6.6"]
[White "Schulte, Ralf"]
[Black "Diepenbrock, Till"]
[Result "0-1"]
[WhiteElo "1779"]
[BlackElo "1788"]
[PlyCount "64"]
[EventDate "2020.??.??"]
[SourceDate "2019.09.14"]

1. d4 d5 2. Nf3 Nf6 3. c4 c6 4. cxd5 cxd5 5. Nc3 Bf5 6. Qb3 b6 7. Bg5 e6 8. e3
Be7 9. Bxf6 gxf6 10. Qa4+ Nd7 11. Bb5 a6 12. Bc6 Rc8 13. Bxd7+ Qxd7 14. Qxa6
O-O 15. O-O Kh8 16. Nh4 Bg4 17. h3 Bh5 18. f4 Rg8 19. Rac1 Ra8 20. Qd3 f5 21.
Nf3 Rg3 22. Ne2 Rg7 23. Ne5 Qe8 24. a3 Qg8 25. Rf2 Bh4 26. g3 f6 27. Nc6 Bxg3
28. Nxg3 Rxg3+ 29. Kh2 Bg4 30. Qd2 Rxh3+ 31. Kg1 Bf3+ 32. Rg2 Bxg2 0-1

[Event "SC Rochade Emsdetten 2 - SK Königssprin"]
[Site "Verbandsliga 2019/2020"]
[Date "2020.02.01"]
[Round "6.7"]
[White "Steens, Rudolf"]
[Black "Fehlings, Gerd"]
[Result "1/2-1/2"]
[WhiteElo "1808"]
[BlackElo "1729"]
[PlyCount "52"]
[EventDate "2020.??.??"]
[SourceDate "2019.09.14"]

1. e4 e6 2. d4 d5 3. e5 c5 4. c3 Nc6 5. Nf3 Qb6 6. Be2 cxd4 7. cxd4 Bd7 8. Nc3
Nge7 9. Na4 Qc7 10. Nc5 Nf5 11. Nxd7 Qxd7 12. Bb5 Bb4+ 13. Bd2 Bxd2+ 14. Qxd2
O-O 15. Bxc6 Qxc6 16. O-O Qb6 17. Rfc1 Rac8 18. b3 h6 19. Rc3 Ne7 20. Rac1 Rxc3
21. Rxc3 Qb4 22. Rc7 Qa3 23. Qc1 Qxc1+ 24. Rxc1 Rc8 25. Rxc8+ Nxc8 26. Kf1 Kf8
1/2-1/2

[Event "SC Rochade Emsdetten 2 - SK Königssprin"]
[Site "Verbandsliga 2019/2020"]
[Date "2020.02.01"]
[Round "6.8"]
[White "Hedwig, Johannes"]
[Black "Holstegge, Ludger"]
[Result "1/2-1/2"]
[WhiteElo "1768"]
[BlackElo "1734"]
[PlyCount "90"]
[EventDate "2020.??.??"]
[SourceDate "2019.09.14"]

1. e4 c6 2. d4 d5 3. exd5 cxd5 4. c4 Nc6 5. Nc3 e6 6. Nf3 Nf6 7. a3 Be7 8. b4
dxc4 9. Bxc4 O-O 10. O-O a6 11. Bb3 Qc7 12. Qc2 Bd7 13. Ne4 Rac8 14. Bb2 Na7
15. Nxf6+ Bxf6 16. Qe4 Bc6 17. Qg4 Bd5 18. Bxd5 exd5 19. Rac1 Qd6 20. Ne5 Bxe5
21. dxe5 Qe6 22. Qg3 Nc6 23. f4 Ne7 24. Qd3 Qf5 25. Qe2 Rxc1 26. Rxc1 Rc8 27.
Rxc8+ Nxc8 28. g3 Nb6 29. Bd4 Nc4 30. Bc5 Nxa3 31. Qd1 Qe4 32. Kf2 Nb5 33. Qf3
Qc4 34. Qg4 Qc2+ 35. Qe2 Qxe2+ 36. Kxe2 h5 37. f5 b6 38. Bxb6 Kf8 39. Bc5+ Ke8
40. Ke3 g6 41. h4 gxf5 42. Kf4 Nc3 43. Kxf5 Ne4 44. Bb6 Nxg3+ 45. Kf6 Ne4+
1/2-1/2

[Event "SV Ibbenbüren 1 - SF Beelen 1"]
[Site "Verbandsliga 2019/2020"]
[Date "2020.02.01"]
[Round "6.1"]
[White "Hofene, Dieter"]
[Black "Voskuhl, Jens"]
[Result "1-0"]
[WhiteElo "2006"]
[BlackElo "1901"]
[PlyCount "55"]
[EventDate "2020.??.??"]
[SourceDate "2019.09.14"]

1. e4 d5 2. exd5 Qxd5 3. Nc3 Qa5 4. d4 Nf6 5. Nf3 Bg4 6. h3 Bh5 7. g4 Bg6 8.
Ne5 c6 9. Bd2 Nbd7 10. Nc4 Qc7 11. Qf3 e6 12. Bf4 Qd8 13. O-O-O Nb6 14. h4 h5
15. g5 Nfd5 16. Ne5 Bf5 17. Bh3 Nxc3 18. Bxf5 Qd5 19. Qxc3 exf5 20. g6 fxg6 21.
Nxg6 Rg8 22. Rhe1+ Kd8 23. Qe3 Bd6 24. b3 Nd7 25. Ne7 Bxf4 26. Qxf4 Qf7 27.
Nxg8 Qxg8 28. d5 1-0

[Event "SV Ibbenbüren 1 - SF Beelen 1"]
[Site "Verbandsliga 2019/2020"]
[Date "2020.02.01"]
[Round "6.2"]
[White "Kellmann, Dominik"]
[Black "Hanewinkel, Winfried"]
[Result "1/2-1/2"]
[WhiteElo "1755"]
[BlackElo "1914"]
[PlyCount "67"]
[EventDate "2020.??.??"]
[SourceDate "2019.09.14"]

1. e4 c5 2. Nf3 Nc6 3. Bb5 g6 4. O-O Bg7 5. c3 e5 6. d3 Nge7 7. Be3 d6 8. d4
cxd4 9. cxd4 exd4 10. Bxd4 O-O 11. Bxg7 Kxg7 12. Nc3 Bg4 13. h3 Bxf3 14. Qxf3
Qb6 15. Rfd1 Ne5 16. Qe2 a6 17. Ba4 Rad8 18. Kh1 f6 19. f4 Nf7 20. Bb3 Qb4 21.
Rac1 Qb6 22. Rd2 Qc7 23. Qf3 Qb8 24. Ne2 Nc6 25. Bd5 Rc8 26. Rcd1 Rcd8 27. Qb3
Rd7 28. Be6 Re7 29. a3 Rfe8 30. Bxf7 Rxf7 31. Rxd6 Rxe4 32. Nc3 Re1+ 33. Kh2
Rxd1 34. Qxd1 1/2-1/2

[Event "SV Ibbenbüren 1 - SF Beelen 1"]
[Site "Verbandsliga 2019/2020"]
[Date "2020.02.01"]
[Round "6.3"]
[White "Hanewinkel, Martin"]
[Black "Langer, Ralf"]
[Result "1-0"]
[WhiteElo "1853"]
[BlackElo "1749"]
[PlyCount "85"]
[EventDate "2020.??.??"]
[SourceDate "2019.09.14"]

1. d4 d5 2. Nf3 Nf6 3. Bf4 e6 4. c3 Bd6 5. Bg3 O-O 6. e3 c5 7. Nbd2 Nc6 8. Ne5
c4 9. e4 Qc7 10. Nxc6 Bxg3 11. hxg3 bxc6 12. e5 Nd7 13. Qh5 h6 14. g4 f6 15. f4
fxe5 16. fxe5 c5 17. Qg6 Nxe5 18. dxe5 Qxe5+ 19. Kd1 Rf6 20. Nf3 Qe3 21. Qe8+
Rf8 22. Qh5 Bd7 23. Be2 Ba4+ 24. Ke1 Rab8 25. Qe5 Qxe5 26. Nxe5 Rxb2 27. Rh3
Rf4 28. Re3 Bb5 29. g3 Rf6 30. Nf3 Rg6 31. Ne5 Rf6 32. g5 hxg5 33. Ng4 Rf8 34.
a4 Bd7 35. Ne5 Bc8 36. Nf3 Rf6 37. Nxg5 Rh6 38. Bf3 Bd7 39. a5 Rg6 40. Re5 Kf8
41. Rd1 Rb3 42. Bxd5 Rxc3 43. Be4 1-0

[Event "SV Ibbenbüren 1 - SF Beelen 1"]
[Site "Verbandsliga 2019/2020"]
[Date "2020.02.01"]
[Round "6.4"]
[White "Werremeyer, Achim"]
[Black "Cigelski, Rudolf"]
[Result "0-1"]
[WhiteElo "1712"]
[BlackElo "1757"]
[PlyCount "120"]
[EventDate "2020.??.??"]
[SourceDate "2019.09.14"]

1. Nf3 c5 2. e4 b6 3. d4 cxd4 4. Nxd4 Bb7 5. Bd3 e6 6. O-O a6 7. c4 Qc7 8. Nc3
d6 9. Qe2 Nd7 10. Be3 Ngf6 11. f3 Be7 12. Rac1 O-O 13. b3 Rac8 14. Bf2 Rfe8 15.
Qd2 Bf8 16. Rfd1 Qb8 17. Bf1 Ne5 18. Nc2 Nfd7 19. Ne3 Qa8 20. Bg3 f6 21. Qe2
Nf7 22. Qb2 g6 23. Qd2 Bh6 24. Qf2 Qb8 25. f4 Nc5 26. Ng4 Bg7 27. Bd3 f5 28.
exf5 exf5 29. Be2 fxg4 30. Bxg4 Rc7 31. Bf3 Bxf3 32. Qxf3 Rce7 33. Nd5 Re2 34.
Re1 Rxe1+ 35. Rxe1 Rxe1+ 36. Bxe1 b5 37. Bc3 Qa7 38. Kh1 Nd8 39. Qe3 Qf7 40. h3
Nde6 41. Bxg7 Qxg7 42. b4 Qd4 43. bxc5 Qxe3 44. Nxe3 dxc5 45. cxb5 axb5 46. f5
gxf5 47. Nxf5 c4 48. Ne3 Nd4 49. Nd5 Ne2 50. g4 c3 51. Nb4 Nd4 52. Nd3 Kf7 53.
Kg2 Ke6 54. Kf2 Kd5 55. Nc1 Ke4 56. Ne2 Nxe2 57. Kxe2 b4 58. Kd1 Kf4 59. Kc2
Kg3 60. a4 bxa3 0-1

[Event "SV Ibbenbüren 1 - SF Beelen 1"]
[Site "Verbandsliga 2019/2020"]
[Date "2020.02.01"]
[Round "6.5"]
[White "Fartmann, Franz Josef"]
[Black "Sivakumaran, Methunraj"]
[Result "1-0"]
[WhiteElo "1796"]
[BlackElo "1631"]
[PlyCount "65"]
[EventDate "2020.??.??"]
[SourceDate "2019.09.14"]

1. Nf3 Nf6 2. g3 d5 3. Bg2 Bf5 4. O-O Nbd7 5. d3 e5 6. Nbd2 Bc5 7. h3 h5 8. c4
c6 9. cxd5 cxd5 10. Qa4 O-O 11. b4 Bb6 12. Bb2 Qe7 13. Rac1 Rac8 14. Qb3 Qd6
15. a4 e4 16. Nd4 Bg6 17. a5 Bxd4 18. Bxd4 a6 19. dxe4 Nxe4 20. Nxe4 Bxe4 21.
Qb2 f6 22. Rfd1 Bxg2 23. Kxg2 Rfd8 24. Qb3 Rc6 25. e4 Rxc1 26. Rxc1 Ne5 27. Rc5
Nc6 28. Rxd5 Qxd5 29. exd5 Nxd4 30. Qc4 Nb5 31. Qc5 Kf7 32. Qb6 Rd7 33. Qe6+
1-0

[Event "SV Ibbenbüren 1 - SF Beelen 1"]
[Site "Verbandsliga 2019/2020"]
[Date "2020.02.01"]
[Round "6.6"]
[White "Bloem, Markus"]
[Black "Austermann, Reinhold"]
[Result "0-1"]
[WhiteElo "1514"]
[BlackElo "1733"]
[PlyCount "66"]
[EventDate "2020.??.??"]
[SourceDate "2019.09.14"]

1. d4 d5 2. Nf3 e6 3. g3 Bd6 4. Bg2 Nd7 5. O-O f5 6. Nbd2 Ngf6 7. c4 c6 8. Qc2
Ne4 9. b3 O-O 10. Bb2 Qf6 11. c5 Bc7 12. b4 e5 13. Nb3 Ng5 14. Nxg5 Qxg5 15.
dxe5 f4 16. e6 Ne5 17. Nd4 Nc4 18. Bc1 Be5 19. Nf3 Qh5 20. Nxe5 fxg3 21. Nf3
Rxf3 22. hxg3 Rf6 23. Bf3 Qe5 24. e7 Bf5 25. e4 Bh3 26. Bf4 Rxf4 27. gxf4 Qxf4
28. Qe2 Bxf1 29. Kxf1 Nd2+ 30. Kg2 Qxf3+ 31. Qxf3 Nxf3 32. Kxf3 dxe4+ 33. Kxe4
Re8 0-1

[Event "SV Ibbenbüren 1 - SF Beelen 1"]
[Site "Verbandsliga 2019/2020"]
[Date "2020.02.01"]
[Round "6.7"]
[White "Beckmann, Frank"]
[Black "Barkia, Sofyen"]
[Result "1-0"]
[WhiteElo "1741"]
[BlackElo "1363"]
[PlyCount "91"]
[EventDate "2020.??.??"]
[SourceDate "2019.09.14"]

1. d4 c5 2. c3 e6 3. Nf3 Nf6 4. Bg5 d5 5. e3 Nbd7 6. Bd3 Qb6 7. b3 Ne4 8. Qc2
h6 9. Bh4 g5 10. Bg3 f5 11. Ne5 Nxg3 12. hxg3 Nxe5 13. dxe5 Bd7 14. Qe2 O-O-O
15. Nd2 Bc6 16. O-O Bg7 17. f4 g4 18. c4 h5 19. cxd5 exd5 20. Bxf5+ Kb8 21.
Rfc1 d4 22. Nc4 Qb4 23. Rab1 dxe3 24. a3 Qb5 25. Qxe3 Rd4 26. Bd3 Rhd8 27. Rc3
R8d5 28. Nb2 Rxd3 29. Rxd3 Rxd3 30. Qxd3 Qa5 31. Rd1 a6 32. Qd8+ Qxd8 33. Rxd8+
Kc7 34. Rg8 Bxe5 35. fxe5 Bd5 36. Rg7+ Kc6 37. Nc4 b5 38. Nd2 c4 39. bxc4 bxc4
40. Nb1 Kc5 41. Kf2 Kd4 42. Rd7 Kxe5 43. Rxd5+ Kxd5 44. Ke3 a5 45. Nc3+ Kc5 46.
Ke4 1-0

[Event "SV Ibbenbüren 1 - SF Beelen 1"]
[Site "Verbandsliga 2019/2020"]
[Date "2020.02.01"]
[Round "6.8"]
[White "Klausmeier, Achim"]
[Black "Radinger, Rudolf"]
[Result "1-0"]
[WhiteElo "1605"]
[BlackElo "1664"]
[PlyCount "95"]
[EventDate "2020.??.??"]
[SourceDate "2019.09.14"]

1. e4 Nc6 2. Nf3 e5 3. d4 exd4 4. Bc4 Be7 5. Nxd4 d6 6. Nc3 Nf6 7. O-O O-O 8.
Nxc6 bxc6 9. Re1 h6 10. Bf4 Bg4 11. Qd2 Re8 12. h3 Bh5 13. Bd3 Bf8 14. a4 Nd7
15. Be2 Bg6 16. a5 Bxe4 17. Nxe4 Rxe4 18. Bf3 Rxe1+ 19. Rxe1 d5 20. c4 Nf6 21.
Rd1 Bd6 22. Be3 Qe7 23. cxd5 cxd5 24. Bxd5 Nxd5 25. Qxd5 Rd8 26. Kf1 a6 27. Qc6
Qe5 28. Qxa6 Qxb2 29. Qc6 Qb3 30. Qd5 Qxd5 31. Rxd5 Ra8 32. Bd2 Ra6 33. Rb5 Kf8
34. Ke2 Ke7 35. Kd3 Kd7 36. Ke4 Rc6 37. Kd3 Ra6 38. Rb1 Kc6 39. Kc4 Be5 40. Rb8
Bd6 41. Rg8 Be5 42. Rf8 Kb7 43. Rxf7 Rf6 44. Rxf6 Bxf6 45. Bc3 Bxc3 46. Kxc3
Ka6 47. Kb4 g5 48. h4 1-0

[Event "SF Olfen 1 - SF Telgte 1"]
[Site "Verbandsliga 2019/2020"]
[Date "2020.02.01"]
[Round "6.1"]
[White "Junker, Axel"]
[Black "Koke, Christoph"]
[Result "0-1"]
[WhiteElo "1925"]
[BlackElo "2109"]
[PlyCount "108"]
[EventDate "2020.??.??"]
[SourceDate "2019.09.14"]

1. c4 c6 2. d4 Nf6 3. Nc3 d5 4. Nf3 a6 5. e3 b5 6. cxd5 cxd5 7. a4 b4 8. Na2 e6
9. Bd2 a5 10. Bb5+ Bd7 11. Qe2 Bd6 12. Nc1 Ne4 13. Nb3 O-O 14. Rc1 Qb6 15. Ne5
Bxb5 16. Qxb5 Qxb5 17. axb5 a4 18. f3 Nxd2 19. Nxd2 Ra5 20. Ra1 Bxe5 21. dxe5
Nd7 22. Nb3 Raa8 23. Nd4 Nxe5 24. Ke2 b3 25. Rhc1 Nc4 26. Rab1 Rfb8 27. f4 Kf8
28. Kd3 Rc8 29. Ke2 Ke8 30. g4 Kd7 31. g5 Rc5 32. Ra1 Rcc8 33. Rab1 h6 34. h4
hxg5 35. hxg5 Rh8 36. Nf3 Kd6 37. e4 g6 38. exd5 exd5 39. Rd1 Rhe8+ 40. Kf2 Re4
41. Kg3 Rb8 42. Rd4 Rxd4 43. Nxd4 Kc5 44. Ne2 Rxb5 45. Nc3 Ra5 46. Kf2 Kb4 47.
Nd1 d4 48. Ke2 Kc5 49. Kd3 Kd5 50. Rc1 Rc5 51. Rb1 Rc8 52. Ra1 Ra8 53. Rc1 Rh8
54. Rb1 Rh2 0-1

[Event "SF Olfen 1 - SF Telgte 1"]
[Site "Verbandsliga 2019/2020"]
[Date "2020.02.01"]
[Round "6.2"]
[White "Boesel, Alexander"]
[Black "Lodde, Martin"]
[Result "1/2-1/2"]
[WhiteElo "2068"]
[BlackElo "1941"]
[PlyCount "68"]
[EventDate "2020.??.??"]
[SourceDate "2019.09.14"]

1. e4 e6 2. d4 d5 3. Nd2 c5 4. exd5 Qxd5 5. Ngf3 cxd4 6. Bc4 Qd6 7. O-O Nf6 8.
Nb3 Nc6 9. Nbxd4 Nxd4 10. Nxd4 a6 11. Re1 Be7 12. c3 O-O 13. Qf3 Qc7 14. Bd3
Bd7 15. Bg5 Rfe8 16. Rad1 Rad8 17. Bb1 h6 18. Bh4 Bc6 19. Nxc6 Qxc6 20. Qxc6
bxc6 21. Bd3 a5 22. Rd2 Kf8 23. Red1 Rb8 24. Bg3 Rb7 25. b3 Rd8 26. Bb1 Rxd2
27. Rxd2 a4 28. Bc2 Nd5 29. c4 Bg5 30. Bd6+ Ke8 31. Rd3 Nb4 32. Bxb4 Rxb4 33.
Rd6 axb3 34. Bxb3 c5 1/2-1/2

[Event "SF Olfen 1 - SF Telgte 1"]
[Site "Verbandsliga 2019/2020"]
[Date "2020.02.01"]
[Round "6.3"]
[White "Kuhlenbaeumer, Alfred"]
[Black "Beutelhoff, Josef"]
[Result "1-0"]
[WhiteElo "1811"]
[BlackElo "1941"]
[PlyCount "95"]
[EventDate "2020.??.??"]
[SourceDate "2019.09.14"]

1. e4 e6 2. d4 d5 3. Nd2 Nf6 4. e5 Nfd7 5. Bd3 c5 6. c3 Nc6 7. Ne2 Qb6 8. Nf3
f6 9. exf6 Nxf6 10. O-O cxd4 11. cxd4 Bd6 12. Nc3 O-O 13. Bc2 a6 14. a3 Qc7 15.
h3 Bd7 16. Qd3 Be8 17. Qe3 e5 18. dxe5 Nxe5 19. Ng5 Nc4 20. Qe2 Bf7 21. Nxf7
Qxf7 22. Qd3 Ne5 23. Qd4 Nc6 24. Qh4 Be5 25. Bd2 Nd4 26. Bd1 Nf5 27. Qb4 Bd6
28. Qa5 Bc7 29. Qb4 Bd6 30. Qa4 b5 31. Qc2 Qd7 32. Qd3 d4 33. Ne2 Bc5 34. Nf4
Rae8 35. Bb3+ Kh8 36. Ne6 Rxe6 37. Qxf5 Rc6 38. Qd3 Nd5 39. Rae1 Re6 40. Rxe6
Qxe6 41. Re1 Qd6 42. Bc2 Nf6 43. Bg5 g6 44. Bb3 Nd5 45. Bh6 Rd8 46. Qf3 Nc7 47.
Bf4 Qd7 48. Be5+ 1-0

[Event "SF Olfen 1 - SF Telgte 1"]
[Site "Verbandsliga 2019/2020"]
[Date "2020.02.01"]
[Round "6.4"]
[White "Stroessner, Lena"]
[Black "Dieckmann, Werner"]
[Result "1-0"]
[WhiteElo "1924"]
[BlackElo "1779"]
[PlyCount "47"]
[EventDate "2020.??.??"]
[SourceDate "2019.09.14"]

1. Nf3 Nf6 2. d4 d5 3. g3 g6 4. Bg2 Bg7 5. O-O O-O 6. c4 c6 7. Nc3 Nbd7 8. cxd5
cxd5 9. Bf4 a6 10. a4 Nb6 11. b3 Bf5 12. Rc1 Rc8 13. Ne5 Ne4 14. Nxe4 Rxc1 15.
Qxc1 Bxe4 16. Nxf7 Qc8 17. Ne5 Qc2 18. Qxc2 Bxc2 19. a5 Bxb3 20. axb6 a5 21.
Rb1 a4 22. Rxb3 axb3 23. Bxd5+ Kh8 24. Bxb3 1-0